Central Library OPAC University of Rajshahi

The paradise tree / (Record no. 32053)

MARC details
000 -LEADER
fixed length control field 00642cam a22002412 4500
001 - CONTROL NUMBER
control field 32053
003 - CONTROL NUMBER IDENTIFIER
rucl marc code BD-RjUL
005 - DATE AND TIME OF LATEST TRANSACTION
control field 20211209051801.0
008 - FIXED-LENGTH DATA ELEMENTS--GENERAL INFORMATION
fixed length control field 140423t1959 enk 001 0 eng d
035 ## - SYSTEM CONTROL NUMBER
System control number (BD-RjUL)32142
040 ## - CATALOGING SOURCE
Original cataloging agency VZJ
Transcribing agency VZJ
Modifying agency OCL
-- EQO
-- BD-RjUL
Language of cataloging eng
041 ## - LANGUAGE CODE
Language code of text/sound track or separate title eng
082 04 - DEWEY DECIMAL CLASSIFICATION NUMBER
Classification number 291.422
Author mark and year VAP 1959
100 1# - MAIN ENTRY--PERSONAL NAME
Personal name Vann, Gerald,
Dates associated with a name 1906-1963.
9 (RLIN) 97556
245 14 - TITLE STATEMENT
Title The paradise tree /
Statement of responsibility, etc. by Gerald Vann.
260 ## - PUBLICATION, DISTRIBUTION, ETC. (IMPRINT)
Place of publication, distribution, etc. London :
Name of publisher, distributor, etc. Collins,
Date of publication, distribution, etc. 1959.
300 ## - PHYSICAL DESCRIPTION
Pagination 320 p. ;
Size 22 cm.
504 ## - BIBLIOGRAPHY, ETC. NOTE
Bibliography, etc includes index.
650 #0 - SUBJECT ADDED ENTRY--TOPICAL TERM
Topical term or geographic name as entry element Mysticism
9 (RLIN) 97557
Topical term or geographic name as entry element Sacraments
9 (RLIN) 72810
Topical term or geographic name as entry element Symbolism
9 (RLIN) 97558
942 ## - ADDED ENTRY ELEMENTS (KOHA)
Source of classification or shelving scheme Dewey Decimal Classification
Koha item type Books
Holdings
Lost status Source of classification or shelving scheme Damaged status Not for loan Collection code Permanent Location Current Location Shelving location Date acquired Source of acquisition Total Checkouts Full call number Date last seen Copy number Koha item type
  Dewey Decimal Classification   Not For Loan Non-fiction Central Library, University of Rajshahi Central Library, University of Rajshahi Reading Room 01/04/1974 B.N.B.C   291.422 VAP 1959 23/04/2014 C-1 Books